Latin Noun Chart - No Macrons - Statistics

General Stats
  • This quiz has been taken 5 times
  • The average score is 35 of 120
Answer Stats
Hint Answer % Correct
Nominative puella
100%
Vocative puella
100%
Ablative puella
100%
Genitive puellae
100%
Dative puellae
100%
Accusative puellam
100%
Nominative puellae
75%
Vocative puellae
75%
Genitive puellarum
75%
Accusative puellas
75%
Dative puellis
75%
Ablative puellis
75%
Nominative bella
50%
Vocative bella
50%
Accusative bella
50%
Genitive belli
50%
Dative bellis
50%
Ablative bellis
50%
Dative bello
50%
Ablative bello
50%
Genitive bellorum
50%
Nominative bellum
50%
Vocative bellum
50%
Accusative bellum
50%
Vocative colone
50%
Genitive coloni
50%
Dative coloni
50%
Nominative coloni
50%
Vocative coloni
50%
Dative colonis
50%
Ablative colonis
50%
Ablative colono
50%
Genitive colonorum
50%
Accusative colonos
50%
Accusative colonum
50%
Nominative colonus
50%
Nominative litus
50%
Vocative litus
50%
Accusative litus
50%
Vocative navis
50%
Ablative rege
50%
Accusative regem
50%
Nominative reges
50%
Vocative reges
50%
Accusative reges
50%
Dative regi
50%
Dative regibus
50%
Ablative regibus
50%
Genitive regis
50%
Genitive regum
50%
Nominative rex
50%
Vocative rex
50%
Ablative nave
25%
Accusative navem
25%
Dative navi
25%
Dative navibus
25%
Ablative navibus
25%
Nominative navis
25%
Genitive navis
25%
Ablative re
25%
Dative rebus
25%
Genitive rei
25%
Dative rei
25%
Accusative rem
25%
Genitive rerum
25%
Nominaitve res
25%
Vocative res
25%
Nominative res
25%
Vocative res
25%
Accusative res
25%
Dative cornibus
0%
Ablative cornibus
0%
Nominative cornu
0%
Vocative cornu
0%
Accusative cornu
0%
Ablative cornu
0%
Nominative cornua
0%
Vocative cornua
0%
Accusative cornua
0%
Dative cornui
0%
Genitive cornus
0%
Genitive cornuum
0%
Dative gradibus
0%
Ablative gradibus
0%
Ablative gradu
0%
Dative gradui
0%
Accusative gradum
0%
Nominative gradus
0%
Vocative gradus
0%
Genitive gradus
0%
Nominative gradus
0%
Vocative gradus
0%
Accusative gradus
0%
Genitive graduum
0%
Nominative litora
0%
Vocative litora
0%
Accusative litora
0%
Ablative litore
0%
Dative litori
0%
Dative litoribus
0%
Ablative litoribus
0%
Genitive litoris
0%
Genitive litorum
0%
Nominative mare
0%
Vocative mare
0%
Accusative mare
0%
Dative mari
0%
Ablative mari
0%
Nominative maria
0%
Vocative maria
0%
Accusative maria
0%
Dative maribus
0%
Ablative maribus
0%
Genitive maris
0%
Genitive marium
0%
Nominative naves
0%
Vocative naves
0%
Accusative naves
0%
Genitive navium
0%
Ablative rebus
0%
No matching quizzes found
Score Distribution
Percent of People with Each Score
Percentile by Number Answered
Your Score History
You have not taken this quiz